| 000 | 01126nam a22002417a 4500 | ||
|---|---|---|---|
| 003 | OSt | ||
| 005 | 20250911173551.0 | ||
| 008 | 240206b ||||| |||| 00| 0 eng d | ||
| 040 | _c0 | ||
| 082 | _aDPer 621.381 In821 April 2022 v. 37 n. 4 | ||
| 100 |
_aShahsavarian, Tohid. _eauthor. _951532 |
||
| 245 |
_aAltitude readiness of high-voltage IGBTs subjected to the partial discharge at harsh environmental conditions for hybrid electric aircraft propulsion / _cTohid Shahsavarian, Di Zhang, Patrick McGinnis, Steven Walker, Zheyu Zhang, and Yang Cao. |
||
| 260 |
_aNew York ; _bThe Institute of Electrical and Electronics Engineers, Inc. , _cApril 2022. |
||
| 300 |
_aVolume 37, pages 3733-3736 : _billustration ; _c28 cm. |
||
| 500 | _aIEEE Transactions on Power Electronics, vol. 37, no. 4, pages 3733-3736, April 2022. | ||
| 700 |
_aShahsavarian, Tohid. _eauthor. _951532 |
||
| 700 |
_aZhang, Di. _eauthor. _951533 |
||
| 700 |
_aMcGinnis, Patrick. _eauthor. _951534 |
||
| 700 |
_aWalker, Steven. _eauthor. _951535 |
||
| 700 |
_aZhang, Zheyu. _eauthor. _951536 |
||
| 700 |
_aCao, Yang. _eauthor. _951537 |
||
| 942 |
_2ddc _cPER |
||
| 999 |
_c18939 _d18939 |
||